书目信息 |
| 题名: |
室内装饰设计实操一本通
|
|
| 作者: | 邓泰 , 叶晓燕 , 罗菊平 主编 | |
| 分册: | ||
| 出版信息: | 北京 中国建材工业出版社 2017.2 |
|
| 页数: | 143页 | |
| 开本: | 29cm | |
| 丛书名: | ||
| 单 册: | ||
| 中图分类: | TU238.2 | |
| 科图分类: | ||
| 主题词: | 室内装饰设计--教材 | |
| 电子资源: | ||
| ISBN: | 978-7-5160-1731-9 | |
| 000 | 00944nam0 2200265 450 | |
| 001 | 0400001840 | |
| 005 | 20171019170722.0 | |
| 010 | @a978-7-5160-1731-9@dCNY49.80 | |
| 100 | @a20170802e2017 em y0chiy50 ea | |
| 101 | 0 | @achi |
| 102 | @aCN@b110000 | |
| 105 | @aa z 000yy | |
| 106 | @ar | |
| 200 | 1 | @a室内装饰设计实操一本通@9shi nei zhuang shi she ji shi cao yi ben tong@f邓泰,叶晓燕,罗菊平主编 |
| 210 | @a北京@c中国建材工业出版社@d2017.2 | |
| 215 | @a143页@c彩图@d29cm | |
| 300 | @a环境艺术专业与室内设计专业“十三五”规划教材 | |
| 330 | @a本书分为三个部分,即十大案例类型和案例分析解答、AutoCAD图纸绘制指导和手绘效果图制作指导。对绘图或室内设计过程中的重点和难点作了特别说明。 | |
| 606 | 0 | @a室内装饰设计@j教材 |
| 690 | @aTU238.2@v5 | |
| 701 | 0 | @a邓泰@9deng tai@4主编 |
| 701 | 0 | @a叶晓燕@9ye xiao yan@4主编 |
| 701 | 0 | @a罗菊平@9luo ju ping@4主编 |
| 801 | 0 | @aCN@b91MARC@c20171019 |
| 905 | @b1025761-5@dTU238.2@f5@e1045 | |
| 室内装饰设计实操一本通/邓泰,叶晓燕,罗菊平主编.-北京:中国建材工业出版社,2017.2 |
| 143页:彩图;29cm |
| 环境艺术专业与室内设计专业“十三五”规划教材 |
| ISBN 978-7-5160-1731-9:CNY49.80 |
| 本书分为三个部分,即十大案例类型和案例分析解答、AutoCAD图纸绘制指导和手绘效果图制作指导。对绘图或室内设计过程中的重点和难点作了特别说明。 |
| ● |
| 相关链接 |
|
|
|
|
正题名:室内装饰设计实操一本通
索取号:TU238.2/1045
 
预约/预借
| 序号 | 登录号 | 条形码 | 馆藏地/架位号 | 状态 | 备注 |
| 1 | 1025761 | 210257611 | 第二样本阅览室/ [索取号:TU238.2/1045] | 在馆 | |
| 2 | 1025762 | 210257620 | 密集书库-生命科学系/ [索取号:TU238.2/1045] | 在馆 | |
| 3 | 1025763 | 210257639 | 第三借阅区/ [索取号:TU238.2/1045] | 在馆 | |
| 4 | 1025764 | 210257648 | 第三借阅区/ [索取号:TU238.2/1045] | 在馆 | |
| 5 | 1025765 | 210257657 | 第三借阅区/ [索取号:TU238.2/1045] | 在馆 |